| 000 | 01063cam a22001814a 4500 | ||
|---|---|---|---|
| 005 | 20250605164355.0 | ||
| 008 | 250528s ||||||||||||||||||||||||d | ||
| 035 | _a24282 | ||
| 040 |
_aGR-AtMCL _bgre _dGR-AtMCL _eAACR2 |
||
| 245 | 1 | _aMW EE - RF Microwave / Radar 5G Advances | |
| 260 |
_bEuropean Business Press Sa, _c2020 |
||
| 300 | _a26 | ||
| 520 | _aGilat Demonstrates 5G over a LEO Satellite, Smart 140 GHs MIMO Radar Adds Machines Learning, 3D Printing Metamaterials Boast Unique Microwave and Optimal Properties, 5G: Massive MIMO and Beamforming: The Signal Processing Behind the 5G Buzzwords, EMC and Electronic Enclosure Design, Inside the LoRaWAN Network Technology, 5G: Q&A - Stealth 5G, Radar: Low-Bandwidth Radar Improves Detection of Objects, The Weakest Link? How to Ensure Antennas are not the Single Point of Failure in Challenging Deployments, Spectrum Analyzers Deliver High-Speed Analysis and Ideal for 5G NR, IDT Expands RF Beamforming Portfolio. | ||
| 700 | 1 |
_aJoosting Jean-Pierre _99443 |
|
| 942 | _cCR | ||
| 999 |
_c9172 _d9172 |
||